书目信息 |
| 题名: |
常用药物手册
|
|
| 作者: | 梁秉志 , 张桂华 编 | |
| 分册: | ||
| 出版信息: | 北京 科学普及出版社 1987 |
|
| 页数: | 265页 | |
| 开本: | 19cm | |
| 丛书名: | ||
| 单 册: | ||
| 中图分类: | R97-62 , R97-9 | |
| 科图分类: | ||
| 主题词: | 药物--手册 , 药物 , 药物--汇编 | |
| 电子资源: | ||
| ISBN: | ||
| 000 | 00742nam0 2200289 45 | |
| 001 | 0187009805 | |
| 005 | 20040524085812.1 | |
| 010 | @dCNY1.50 | |
| 091 | @a14051.1073 | |
| 100 | @a19900928d1987 em y0chiy0121 ea | |
| 101 | 0 | @achi |
| 102 | @aCN@b110000 | |
| 105 | @ay z 000yy | |
| 106 | @ar | |
| 200 | 10 | @a常用药物手册@Achang yong yao wu shou ce@f梁秉志, 张桂华编 |
| 210 | @a北京@c科学普及出版社@d1987 | |
| 215 | @a265页@d19cm | |
| 606 | @a药物@x手册 | |
| 606 | 0 | @a药物 |
| 606 | 0 | @a药物@x汇编 |
| 690 | @aR97-62@v3 | |
| 690 | @aR97-9 | |
| 701 | 0 | @a梁秉志@Aliang bing zhi@4编 |
| 701 | 0 | @a张桂华@Azhang gui hua@4编 |
| 801 | 0 | @aCN@b深圳图书馆@c20040524 |
| 801 | 2 | @aCN@bNLC@c20040524 |
| 905 | @f1@b201103@dR97-9@e23 | |
| 常用药物手册/梁秉志, 张桂华编.-北京:科学普及出版社,1987 |
| 265页;19cm |
| ISBN :CNY1.50 |
| ● |
| 相关链接 |
|
|
|
|
正题名:常用药物手册
索取号:R97-9/23
 
预约/预借
| 序号 | 登录号 | 条形码 | 馆藏地/架位号 | 状态 | 备注 |
| 1 | 0201103 | 001698032 | 第三借阅区/ [索取号:R97-9/23] | 在馆 | |
| 2 | 0201104 | 000557597 | 第三借阅区/ [索取号:R97-9/23] | 在馆 | |
| 3 | 0201105 | 001698005 | 第二样本阅览室/ [索取号:R97-9/23] | 在馆 |